Managing systematic and ethical public relations campaigns / (Record no. 11664)

000 -LEADER
fixed length control field 00449nam a2200157 a 4500
020 ## - INTERNATIONAL STANDARD BOOK NUMBER
ISBN 069728882X
040 ## - CATALOGING SOURCE
Transcribing agency DLC
082 00 - DEWEY DECIMAL CLASSIFICATION NUMBER
Classification number 659 BRO 1997 A039 Or.
100 1# - MAIN ENTRY--AUTHOR NAME
Personal name McElreath, Mark P.
245 10 - TITLE STATEMENT
Title Managing systematic and ethical public relations campaigns /
260 ## - PUBLICATION, DISTRIBUTION, ETC. (IMPRINT)
Place of publication Madison :
Name of publisher Brown & Benchmark Publishers,
Year of publication c1997.
300 ## - PHYSICAL DESCRIPTION
Number of Pages xxiv, 435 p. :
Other physical details ill. ;
Dimensions 24 cm.
650 #0 - SUBJECT ADDED ENTRY--TOPICAL TERM
Topical Term Public relations
650 #0 - SUBJECT ADDED ENTRY--TOPICAL TERM
Topical Term Public relations
942 ## - ADDED ENTRY ELEMENTS (KOHA)
Koha item type សៀវភៅភាសាអង់គ្លេស
952 ## - LOCATION AND ITEM INFORMATION (KOHA)
Withdrawn status [LOCAL, KOHA] 0
Holdings
Permanent Location Date acquired Koha item type Lost status Shelving location Barcode Current Location Full call number
Library Block A2017-08-04សៀវភៅភាសាអង់គ្លេស A039A13788Library Block A659 BRO 1997 A039 Or.
មជ្ឈមណ្ឌលឯការនៃសាកលវិទ្យាល័យភូមិន្ទកសិកម្មចំការដូង

Powered by Koha